[Event "GM"]
[Site "Evry FRA"]
[Date "2003.04.16"]
[Round "7"]
[White "Inkiov,V"]
[Black "Bellaiche,A"]
[Result "1-0"]
[WhiteElo "2452"]
[BlackElo "2424"]

1.d4 Nf6 2.c4 e6 3.Nf3 b6 4.g3 Ba6 5.Qa4 Bb7 6.Bg2 c5 7.O-O Bc6 8.Qd1 cxd4
9.Qxd4 Bc5 10.Qf4 Be7 11.Nc3 O-O 12.Rd1 Qc8 13.b3 a6 14.e4 d6 15.Ba3 Ne8
16.Qe3 Qc7 17.Rac1 Bb7 18.Na4 Nd7 19.e5 Rd8 20.exd6 Bxd6 21.Bxd6 Nxd6 22.Ne5 Nf5
23.Qf4 Nxe5 24.Bxb7 Qxb7 25.Qxe5 Qf3 26.Nc3 Rxd1+ 27.Rxd1 h5 28.Rc1 Nh6 29.Qe2 Qf5
30.Rd1 Ng4 31.Ne4 h4 32.Nd6 Qg5 33.Rd4 Nf6 34.Rxh4 Rd8 35.Rh8+  1-0

[Event "FSGM April"]
[Site "Budapest HUN"]
[Date "2003.04.17"]
[Round "13"]
[White "Ovsejevitsch,S"]
[Black "Farago,I"]
[Result "1/2-1/2"]
[WhiteElo "2493"]
[BlackElo "2477"]

1.d4 Nf6 2.c4 e6 3.Nf3 b6 4.g3 Ba6 5.b3 Bb4+ 6.Bd2 Be7 7.Bg2 d5 8.Nc3 O-O
9.Ne5 c6 10.cxd5 exd5 11.O-O Bd6 12.Qc2 Re8 13.Bf4  1/2-1/2

[Event "7th Neckar Open"]
[Site "Deizisau GER"]
[Date "2003.04.19"]
[Round "4"]
[White "Epishin,V"]
[Black "Shengelia,D"]
[Result "1-0"]
[WhiteElo "2628"]
[BlackElo "2457"]

1.d4 Nf6 2.c4 e6 3.Nf3 b6 4.g3 Ba6 5.b3 Bb4+ 6.Bd2 Be7 7.Nc3 d5 8.cxd5 exd5
9.Bg2 Bb7 10.O-O O-O 11.Rc1 Re8 12.Ne5 Nbd7 13.Bf4 c6 14.e4 Nf8 15.exd5 cxd5
16.Bh3 Ba3 17.Rc2 a6 18.Ne2 Ne6 19.Be3 Ne4 20.Nf4 N4g5 21.Bf5 g6 22.Nxe6 Nxe6
23.Bh3 Qe7 24.Re1 Rac8 25.Rxc8 Bxc8 26.Bg2 Bb7 27.h4 Bb4 28.Re2 Bd6 29.Bh6 Ng7
30.Bf3 Qd8 31.Ng4 Be7 32.Re5 Nf5 33.Qd2 Nxh6 34.Qxh6 Bc6 35.Qf4 Rf8 36.h5 f5
37.hxg6 Bg5 38.Nh6+ Kh8 39.g7+ Kxg7 40.Nxf5+ Kh8 41.Qg4 Bf6 42.Re6 Be8 43.Bxd5 Bg6
44.Be4 Bxd4 45.Rxg6 Bxf2+ 46.Kg2 Bc5 47.Rd6  1-0

[Event "Commonwealth Ch"]
[Site "Mumbai IND"]
[Date "2003.04.21"]
[Round "2"]
[White "Islam,Kh"]
[Black "Koneru,H"]
[Result "1/2-1/2"]
[WhiteElo "2344"]
[BlackElo "2496"]

1.d4 Nf6 2.c4 e6 3.Nf3 b6 4.g3 Ba6 5.b3 Bb4+ 6.Bd2 Be7 7.Bg2 c6 8.Bc3 d5
9.Ne5 Ne4 10.O-O Nxc3 11.Nxc3 O-O 12.cxd5 cxd5 13.Qd2 Re8 14.Qb2 f6 15.Nf3 Nc6
16.Rac1 Rc8 17.a3 Qd6 18.Nb1 g5 19.Rfe1 g4 20.Nfd2 e5 21.dxe5 fxe5 22.Nf1 e4
23.Qd2 Red8 24.b4 Qe6 25.f3 Bf6 26.fxe4 dxe4 27.Qf4 Nd4 28.Rxc8 Rxc8 29.Qxe4 Qxe4
30.Bxe4 Nxe2+ 31.Kg2 Re8 32.Nfd2 Kg7 33.a4 Nc3 34.b5 Bb7 35.Nxc3 Bxc3 36.Rc1 Bxe4+
37.Nxe4 Rxe4 38.Rxc3 Rxa4 39.Rc2 Ra5 40.h3 Rxb5 41.Rc7+ Kg6 42.Rxa7 Rb2+
43.Kh1 gxh3 44.Ra4 h6 45.Rh4 h2 46.Rd4 Kg5 47.Rc4 b5 48.Rd4 b4 49.Rc4 Kf5
50.g4+ Kg5 51.Rd4 b3 52.Rb4 Kh4 53.Rd4 Rc2 54.g5+ Kxg5 55.Rd5+ Kf4 56.Rd4+ Ke5
57.Rd5+ Ke6 58.Rd6+ Ke7 59.Rd7+ Kf6 60.Rd6+ Kg5 61.Rd5+ Kf4 62.Rd4+ Kf5 63.Rd5+ Ke4
64.Rd4+ Ke3 65.Rd3+ Kf4 66.Rd4+  1/2-1/2

[Event "I Regina Prol"]
[Site "Santos BRA"]
[Date "2003.04.22"]
[Round "1"]
[White "Marques,V"]
[Black "Coelho,L"]
[Result "1/2-1/2"]
[WhiteElo "2353"]
[BlackElo "2409"]

1.d4 Nf6 2.Nf3 e6 3.c4 b6 4.g3 Ba6 5.Qb3 d5 6.cxd5 Qxd5 7.Nc3 Qxb3 8.axb3 Bb7
9.Bg2 a5 10.O-O Na6 11.Bf4 Be7 12.Rfc1 O-O 13.Nb5 c5 14.dxc5  1/2-1/2

[Event "5th Open"]
[Site "Dubai UAE"]
[Date "2003.04.25"]
[Round "6"]
[White "El Gindy,E"]
[Black "Brodsky,M"]
[Result "1/2-1/2"]
[WhiteElo "2473"]
[BlackElo "2559"]

1.d4 Nf6 2.c4 e6 3.Nf3 b6 4.g3 Ba6 5.Nbd2 d5 6.Bg2 Be7 7.O-O O-O 8.Ne5 Bb7
9.b3 Nbd7 10.Bb2 c5 11.cxd5 Nxd5 12.Nxd7 Qxd7 13.dxc5 Bxc5 14.Ne4 Be7 15.Qd4 f6
16.Bh3 Rfe8 17.Rfd1 Rad8 18.Rac1 Bf8 19.Bg2 Qe7 20.Qa4 a6 21.a3 Rc8 22.b4 Rxc1
23.Rxc1 Rc8  1/2-1/2

[Event "XXI Open"]
[Site "Metz FRA"]
[Date "2003.04.26"]
[Round "8"]
[White "Laurent,B"]
[Black "Bruned,Y"]
[Result "1-0"]
[WhiteElo "2321"]
[BlackElo "2125"]

1.d4 Nf6 2.c4 e6 3.Nf3 b6 4.g3 Ba6 5.Qa4 c5 6.d5 exd5 7.cxd5 Bd6 8.e4 Bxf1
9.Kxf1 Qe7 10.Nc3 O-O 11.Kg2 Ng4 12.Re1 Ne5 13.Nxe5 Bxe5 14.f4 Bxc3 15.bxc3 d6
16.c4 Nd7 17.Bb2 f6 18.Qc2 a6 19.a4 Rab8 20.Qd3 Rb7 21.Bc3 Re8 22.Rab1 Reb8
23.Rb2 Qe8 24.Qe2 Qg6 25.Qd3 Qe8 26.Reb1 Nf8 27.Qe2 Ng6 28.h3 Re7 29.e5 dxe5
30.f5 Nf8 31.a5 b5 32.cxb5 axb5 33.Rxb5 Rxb5 34.Rxb5 Rc7 35.Qc4 Kh8 36.Rxc5 Rxc5
37.Qxc5 Nd7 38.Qc6 e4 39.Qe6 Qc8 40.Qxe4 h6 41.Qd3 Nb8 42.h4 Qb7 43.Kh2 Qa7
44.Qd2 Qd7 45.Bxf6 gxf6 46.Qxh6+ Kg8 47.Qg6+ Qg7 48.d6 Qxg6 49.fxg6 Kg7 50.a6  1-0

[Event "8th Cvitanovic Mem"]
[Site "Spilt CRO"]
[Date "2003.04.28"]
[Round "1"]
[White "Bukal,V jr"]
[Black "Polak,T"]
[Result "1/2-1/2"]
[WhiteElo "2396"]
[BlackElo "2463"]

1.d4 Nf6 2.c4 e6 3.Nf3 b6 4.g3 Ba6 5.Nbd2 Bb4 6.a3 Bxd2+ 7.Nxd2 Bb7 8.Nf3 O-O
9.Bg2 d6 10.O-O Nbd7 11.b4 Qe7 12.Bb2 Be4 13.Qb3 a6 14.Rfd1 c6 15.Bh3 b5
16.c5 a5 17.Nd2 d5 18.Nxe4 Nxe4 19.f3 a4 20.Qc2 Ng5 21.Bg2 f5 22.Bc1 Qf6
23.h4 Nf7 24.e4 fxe4 25.fxe4 Qg6 26.Qd3 Nf6 27.exd5 Qxd3 28.Rxd3 exd5 29.Bf4 Rfe8
30.Re3 Rxe3 31.Bxe3 Re8 32.Bf4 Nh5 33.Kf2 Nxf4 34.gxf4 Nd8 35.Bh3 Re4 36.Re1 Rxf4+
37.Kg3 Rf8 38.Re7 Rf7 39.Re8+ Rf8 40.Re7 Rf7 41.Re8+  1/2-1/2

[Event "8th Cvitanovic Mem"]
[Site "Spilt CRO"]
[Date "2003.05.02"]
[Round "5"]
[White "Polak,T"]
[Black "Horvath,Cs"]
[Result "1/2-1/2"]
[WhiteElo "2463"]
[BlackElo "2510"]

1.d4 Nf6 2.Nf3 e6 3.c4 b6 4.g3 Ba6 5.b3 Bb4+ 6.Bd2 Be7 7.Bg2 O-O 8.Bc3 d5
9.Nbd2 Bb7 10.O-O Na6  1/2-1/2

[Event "8th Cvitanovic Mem"]
[Site "Spilt CRO"]
[Date "2003.05.03"]
[Round "6"]
[White "Saric,A"]
[Black "Rade,M"]
[Result "1/2-1/2"]
[WhiteElo "2365"]
[BlackElo "2390"]

1.d4 Nf6 2.c4 e6 3.Nf3 b6 4.g3 Ba6 5.b3 Bb4+ 6.Bd2 Be7 7.Bg2 c6 8.Bc3 d5
9.Ne5 Nfd7 10.Nxd7 Nxd7 11.Nd2 O-O 12.O-O Rc8 13.e4 c5 14.exd5 exd5 15.dxc5 dxc4
16.c6 cxb3 17.Nc4 b2 18.Bxb2 Bxc4 19.Qg4 Bf6 20.Bxf6 Qxf6 21.Qxc4 Ne5 22.Qa6 Nf3+
23.Bxf3 Qxf3 24.Qxa7 Rxc6  1/2-1/2

[Event "Capablanca Mem Premier I"]
[Site "Havana CUB"]
[Date "2003.05.12"]
[Round "7"]
[White "Perez,Lu"]
[Black "Mateo,Ra"]
[Result "1-0"]
[WhiteElo "2391"]
[BlackElo "2444"]

1.d4 Nf6 2.c4 e6 3.Nf3 b6 4.g3 Ba6 5.b3 b5 6.cxb5 Bxb5 7.Bg2 d5 8.O-O Nbd7
9.Nc3 Ba6 10.Ne5 Bd6 11.Nc6 Qc8 12.a3 O-O 13.Bg5 Qb7 14.Na5 Qb6 15.b4 h6
16.Bxf6 Nxf6 17.Re1 Rad8 18.Na4 Qb5 19.e4 dxe4 20.Bf1 Qf5 21.Bxa6 Ng4 22.Ra2 Be5
23.Nc6 Qh5 24.h4 e3 25.Nxe5 Qxe5 26.dxe5 exf2+ 27.Rxf2  1-0

[Event "Capablanca Mem Premier I"]
[Site "Havana CUB"]
[Date "2003.05.16"]
[Round "11"]
[White "Vilela,JL"]
[Black "Herrera,I"]
[Result "1/2-1/2"]
[WhiteElo "2390"]
[BlackElo "2436"]

1.d4 Nf6 2.c4 e6 3.Nf3 b6 4.g3 Ba6 5.b3 Bb7 6.Bg2 d5 7.cxd5 exd5 8.O-O Nbd7
9.Nc3 Be7 10.Bb2 O-O 11.Rc1  1/2-1/2

[Event "CRO-Cup"]
[Site "Rabac CRO"]
[Date "2003.05.29"]
[Round "4"]
[White "Ramesa,M"]
[Black "Zulj,L"]
[Result "1/2-1/2"]
[WhiteElo "2143"]
[BlackElo "2195"]

1.d4 Nf6 2.Nf3 e6 3.c4 b6 4.g3 Ba6 5.b3 Bb4+ 6.Bd2 Be7 7.Bg2 c6 8.Bc3 d5
9.Nbd2 O-O 10.O-O Nbd7 11.Bb2 Rc8 12.Rc1 c5 13.cxd5 Nxd5 14.Nc4 cxd4 15.Nxd4 Nc5
16.a3 Na4 17.Ba1 b5 18.Ne5 Ndc3 19.Qd3 Qxd4 20.Qxd4 Nxe2+ 21.Kh1 Nxd4 22.Bxd4 Nb6
23.Nc6 Bxa3 24.Ra1 b4 25.Rfd1 Rc7 26.Be5 Rd7 27.Rxd7 Nxd7 28.Bd6 Re8 29.Nxb4 Bxb4
30.Bxb4 Rb8 31.Rxa6 Rxb4 32.Rxa7 Nb8 33.Ra3 g5 34.Bf1 Nc6 35.Kg2 Kg7 36.Bc4 Ne5
37.Be2 Kg6 38.f3 h5 39.Ra5 Kf6 40.Rb5 Rd4 41.Kf2 h4 42.Ke3 hxg3 43.hxg3 Rd8
44.Rb6 Ra8 45.f4 Ng6 46.Bd3 gxf4+ 47.gxf4 Ne7 48.Be4 Rh8 49.b4 Rh3+ 50.Kd4 Rh4
51.Ke3 Rh3+ 52.Kd4  1/2-1/2

[Event "17th Open"]
[Site "Pula CRO"]
[Date "2003.06.02"]
[Round "3"]
[White "Jankovic,A"]
[Black "Franic,M"]
[Result "1-0"]
[WhiteElo "2359"]
[BlackElo "2426"]

1.d4 Nf6 2.Nf3 e6 3.c4 b6 4.g3 Ba6 5.Nbd2 Bb7 6.Bg2 c5 7.dxc5 bxc5 8.O-O Qb6
9.b3 Be7 10.Bb2 O-O 11.Qb1 Nc6 12.Ng5 g6 13.Nge4 Ne8 14.e3 Rd8 15.Nc3 d6
16.h4 Qc7 17.h5 a6 18.hxg6 hxg6 19.Ne2 Bf6 20.Nf3 Ne7 21.Bxf6 Nxf6 22.Qb2 Ng4
23.Nh2 Nxh2 24.Kxh2 Bxg2 25.Kxg2 Qc6+ 26.f3 Nf5 27.Qf6  1-0

[Event "Golden Cleopatra"]
[Site "Cairo EGY"]
[Date "2003.06.04"]
[Round "4"]
[White "Salah,S"]
[Black "Hamam,R"]
[Result "1-0"]
[WhiteElo "2124"]
[BlackElo "2254"]

1.d4 Nf6 2.c4 e6 3.Nf3 b6 4.g3 Ba6 5.Nbd2 Bb4 6.Qc2 O-O 7.Bg2 c6 8.O-O d5
9.b3 Nbd7 10.e4 Nxe4 11.Nxe4 dxe4 12.Qxe4 Bb7 13.Bb2 Be7 14.Rad1 Qc7 15.Ne5 Nxe5
16.dxe5 Rfd8 17.f4 Rxd1 18.Rxd1 Rd8 19.Rd3 g6 20.g4 c5 21.Qxb7 Qxb7 22.Rxd8+ Bxd8
23.Bxb7 Kf8 24.Kg2 Bh4 25.Bc3 a5 26.Kf3 Be7 27.Kg3 Ke8 28.h4 Kd8 29.Be4 h6
30.f5 g5 31.f6 Bf8 32.Bd2  1-0

[Event "17th Open"]
[Site "Pula CRO"]
[Date "2003.06.05"]
[Round "7"]
[White "Sarakauskas,G"]
[Black "Franic,M"]
[Result "0-1"]
[WhiteElo "2396"]
[BlackElo "2426"]

1.d4 Nf6 2.Nf3 e6 3.c4 b6 4.g3 Ba6 5.b3 Bb4+ 6.Bd2 Be7 7.Bg2 c6 8.Bc3 d5
9.Nbd2 Nbd7 10.O-O Rc8 11.Re1 c5 12.cxd5 exd5 13.Nf1 O-O 14.Ne3 Re8 15.dxc5 Nxc5
16.Bd4 Nce4 17.a3 Bc5 18.b4 Bxd4 19.Qxd4 Nxf2 20.Kxf2 Rxe3 21.Kxe3 Rc4 22.Qb2 Qe8+
23.Ne5 d4+ 24.Kf2 Qxe5 25.Qd2 Ng4+ 26.Kg1 Ne3 27.Rac1 h5 28.a4 b5 29.axb5 Bxb5
30.Rxc4 Bxc4 31.Bf3 g5 32.Ra1 g4 33.Ra5 Qf6 34.Bg2 h4 35.gxh4 Qxh4 36.Re5 g3
37.Rxe3 dxe3 38.Qxe3 Qxh2+ 39.Kf1 Qh4 40.Qe4 Qxe4 41.Bxe4 Kg7 42.Kg2 Bxe2
43.Kxg3 Kf6 44.Kf4 Ke6 45.Ke3 Ke5 46.Bc6 Bc4 47.Be4 Bd5 48.Bd3 Be6 49.Be4 f5
50.Bf3 Bd5 51.Be2 Be4 52.Kd2 Kd4 53.Bf1 f4 54.Be2 Bd5 55.Kc2 Ke3 56.Bf1 f3
57.Kc3 f2 58.Ba6 Bf3 59.Bf1 Be2 60.Bh3 Bb5 61.Kc2 Kf3 62.Kd2 Kg3 63.Ke3 a6  0-1

[Event "FSIM June"]
[Site "Budapest HUN"]
[Date "2003.06.10"]
[Round "4"]
[White "Banusz,T"]
[Black "Broomfield,M"]
[Result "1-0"]
[WhiteElo "2259"]
[BlackElo "2255"]

1.d4 Nf6 2.c4 e6 3.Nf3 b6 4.g3 Ba6 5.Qa4 Bb7 6.Bg2 c5 7.dxc5 bxc5 8.O-O Be7
9.Nc3 O-O 10.Bf4 d6 11.Rfd1 Qb6 12.Rab1 a5 13.Qb5 Ra6 14.Qxb6 Rxb6 15.Ne1 Bxg2
16.Kxg2 Rd8 17.Rd2 h6 18.h4 Nc6 19.Rbd1 Nd4 20.Be3 Rc8 21.f3 Ne8 22.b3 Bf6
23.Na4 Rbb8 24.Nc2 Nxc2 25.Rxc2 Rc6 26.Bd2 Ra8 27.Bc3 Bxc3 28.Nxc3 Kf8 29.Rcd2 Ke7
30.e4 f6 31.f4 e5 32.f5 h5 33.Kf3 Nc7 34.Rg1 Rh8 35.g4 hxg4+ 36.Rxg4 Kf7
37.Rh2 Rb6 38.h5 Rh7 39.Rgh4 Rh6 40.Rd2 Ke7 41.Rg4 Kf7 42.Rdg2 Rh7 43.h6 Rb8
44.Rxg7+  1-0

[Event "FIDE Open"]
[Site "Voronezh RUS"]
[Date "2003.06.16"]
[Round "4"]
[White "Pavlov,Al"]
[Black "Prokuronov,E"]
[Result "0-1"]
[WhiteElo "2294"]
[BlackElo "2144"]

1.d4 Nf6 2.c4 e6 3.Nf3 b6 4.g3 Ba6 5.Qb3 Bb7 6.Bg2 c5 7.dxc5 Bxc5 8.O-O O-O
9.Nc3 Nc6 10.Na4 Be7 11.Bd2 Ne4 12.Be3 Rc8 13.Rac1 Na5 14.Qd3 d5 15.cxd5 Qxd5
16.Qb1 b5 17.Rcd1 Qh5 18.Rd7 Rfe8 19.Nd4 Nf6 20.Bxb7 Nxd7 21.Bxc8 Rxc8 22.Nc3 a6
23.Rd1 Nf6 24.f3 Qe5 25.Bf2 Qc7 26.Kg2 h6 27.a4 b4 28.Ne4 Nc4 29.Rc1 Qb7
30.b3 Ne5 31.Nd2 Nd5 32.Nc4 Nxc4 33.bxc4 Nf6 34.Nb3 Nd7 35.c5 Ne5 36.Bd4 Nc6
37.Qe4 Qc7 38.Bb2 Rd8 39.Qg4 Bf8 40.Qc4 Qb7 41.Rc2 Be7 42.Qe4 Rd5 43.Rc4 Qd7
44.h4 Qd8 45.Qc2 Bf6 46.Rg4 h5 47.Bxf6 Qxf6 48.Rf4 Qd8 49.Qc4 Qc8 50.Re4 g6
51.Qc2 Qd7 52.g4 hxg4 53.Rxg4 Kg7 54.Qb2+ Kh7 55.Rf4  0-1

[Event "Master Open"]
[Site "Voronezh RUS"]
[Date "2003.06.20"]
[Round "8"]
[White "Arakelov,I"]
[Black "Sambuev,B"]
[Result "0-1"]
[WhiteElo "2399"]
[BlackElo "2484"]

1.d4 e6 2.c4 Nf6 3.Nf3 b6 4.g3 Ba6 5.b3 b5 6.Bg2 bxc4 7.Ne5 Bb4+ 8.Bd2 cxb3
9.axb3 Bxd2+ 10.Qxd2 d5 11.Nc3 O-O 12.O-O Nfd7 13.Nxd7 Qxd7 14.Rfc1 c6 15.Ra5 Qb7
16.Qa2 Bb5 17.Ra1 a6 18.Bf1 Rc8 19.Nxb5 cxb5 20.e3 Nc6 21.Rxa6 Nb4 22.Ra7 Nxa2
23.Rxb7 b4 24.Bb5 g5 25.Bd7 Rc1+ 26.Rxc1 Nxc1 27.Rxb4 Ra1 28.Rb8+ Kg7 29.Kg2 Nd3
30.Rb7 Kf8 31.Rb8+ Ke7 32.Bb5 Ne1+ 33.Kh3 h5 34.Be2 f5 35.Bxh5 g4+ 36.Bxg4 fxg4+
37.Kxg4 Ra2 38.f4 Rxh2 39.f5 Nc2 40.Rb7+ Kf6 41.fxe6 Nxe3+ 42.Kf3 Nf5 43.e7 Nxe7
44.Rb6+ Kf7 45.b4 Rb2 46.g4 Rb3+ 47.Kf4 Rd3 48.b5 Rxd4+ 49.Kf3 Ng6 50.g5 Ne5+
51.Ke2 Rb4 52.Rf6+ Ke7 53.Rf5 Re4+ 54.Kf2 Nd3+ 55.Kf3 Ke6 56.Rf6+ Ke5 57.b6 Rb4
58.Rc6 Kf5 59.Rd6 Ne5+ 60.Kf2 Rb5 61.g6 Nxg6 62.b7 Ne7 63.Rd7 Ke6 64.Rc7 Kd6
65.Rc8 Rxb7  0-1

[Event "TCh-BIH"]
[Site "Jahorina BIH"]
[Date "2003.06.22"]
[Round "2"]
[White "Markus,R"]
[Black "Kovacevic,A"]
[Result "1/2-1/2"]
[WhiteElo "2472"]
[BlackElo "2536"]

1.d4 Nf6 2.c4 e6 3.Nf3 b6 4.g3 Ba6 5.b3 Bb7 6.Bg2 Bb4+ 7.Bd2 a5 8.O-O O-O
9.a3 Be7 10.Nc3 d5 11.Qc2 Na6 12.Rfd1 Qc8 13.Bg5 h6 14.Bxf6 Bxf6 15.e4 dxe4
16.Nxe4 Bxe4 17.Qxe4 c5 18.Ra2 Ra7 19.d5 exd5 20.cxd5 Rd8 21.Rad2 Rd6 22.Qf4 Qd8
23.h4 Re7 24.Qc4 Nc7 25.b4 axb4 26.axb4 cxb4 27.Qxb4 Na6 28.Qc4 Nc5  1/2-1/2

[Event "zt 3.2a"]
[Site "Ho Chi Minh City VIE"]
[Date "2003.06.23"]
[Round "3"]
[White "Wu Shaobin"]
[Black "Pham Minh Hoang"]
[Result "1-0"]
[WhiteElo "2531"]
[BlackElo "2445"]

1.d4 Nf6 2.c4 e6 3.Nf3 b6 4.g3 Ba6 5.Nbd2 c5 6.Bg2 Bb7 7.e4 cxd4 8.Nxd4 Bb4
9.Qe2 O-O 10.O-O Nc6 11.N2b3 Rc8 12.Nxc6 Bxc6 13.Nd4 Ba8 14.Bf4 e5 15.Bxe5 Re8
16.Bxf6 Qxf6 17.Qd3 Qe5 18.f3 Bc5 19.Rad1 b5 20.b3 bxc4 21.bxc4 f5 22.exf5 d5
23.f4 Qd6 24.Kh1 Kh8 25.Ne6 d4 26.Bxa8 Rxa8 27.Nxc5 Qxc5 28.Qxd4 Qxf5 29.Rfe1 Qc2
30.Rxe8+ Rxe8 31.Rd2 Re1+ 32.Kg2 Re2+ 33.Rxe2 Qxe2+ 34.Qf2 Qe4+ 35.Qf3 Qc2+
36.Kh3 h6 37.Qd5 Qxa2 38.Qa8+ Kh7 39.Qe4+ Kh8 40.c5 Qf7 41.c6 a5 42.Qe5 a4
43.c7 Qd7+ 44.Kh4 a3 45.Qc5 Qc8 46.Qd6 g5+ 47.Kh5 Kg7  1-0

[Event "zt 3.2a"]
[Site "Ho Chi Minh City VIE"]
[Date "2003.06.26"]
[Round "7"]
[White "Wu Shaobin"]
[Black "Sitanggang,S"]
[Result "1-0"]
[WhiteElo "2531"]
[BlackElo "2397"]

1.d4 Nf6 2.c4 e6 3.Nf3 b6 4.g3 Ba6 5.Nbd2 Bb4 6.Qc2 Bb7 7.Bg2 O-O 8.O-O Bxd2
9.Qxd2 d6 10.b3 Nbd7 11.Bb2 Rb8 12.Rad1 Re8 13.Rfe1 Be4 14.Bf1 a5 15.Nh4 Ba8
16.f3 e5 17.e4 Bb7 18.Nf5 h6 19.Bg2 a4 20.b4 a3 21.Bxa3 exd4 22.Nxd4 Ra8
23.Bc1 Ne5 24.Qc2 Nc6 25.a3 Nxd4 26.Rxd4 Qe7 27.Bb2 Qe6 28.Red1 Bc6 29.Qc3 Rab8
30.R4d2 Ba8 31.Rc1 Bc6 32.Re1 Qe7 33.Rde2 Qf8 34.h3 b5 35.e5 dxe5 36.Rxe5 Rxe5
37.Rxe5 bxc4 38.Qxc4 Qd6 39.Kh2 Bd5 40.Qf4 Be6 41.Rc5 Qxf4 42.gxf4 Ne8 43.f5 Bb3
44.Be5 Ra8 45.f4 Rd8 46.Bxc7 Rd2 47.Be5 f6 48.Bc3 Ra2 49.b5 Nd6 50.b6 Kh7
51.Kg3  1-0

[Event "zt 3.2a"]
[Site "Ho Chi Minh City VIE"]
[Date "2003.06.27"]
[Round "8"]
[White "Irwanto,S"]
[Black "Wu Shaobin"]
[Result "1/2-1/2"]
[WhiteElo "2405"]
[BlackElo "2531"]

1.d4 Nf6 2.c4 e6 3.Nf3 b6 4.g3 Ba6 5.b3 Bb4+ 6.Bd2 Be7 7.Bg2 c6 8.O-O d5
9.Bc3 O-O 10.Nbd2 Nbd7 11.Re1 c5 12.e4 dxe4 13.Ng5 cxd4 14.Bxd4 Bb7 15.Ndxe4 Qc7
16.Qc2 Nxe4 17.Nxe4 Rfd8 18.Qb2 e5 19.Be3 f6 20.Red1 Nf8 21.Nc3 Bxg2 22.Kxg2 Rxd1
23.Rxd1 Ne6 24.Nd5 Qc6 25.Kg1 Bf8 26.a4 Rd8 27.Qe2 Kh8 28.h4 Bc5 29.Kh2 Nd4
30.Bxd4 Bxd4 31.h5 Rf8 32.h6 gxh6 33.Kg2 a6 34.f3 Qd6 35.Rh1 f5 36.Qd2 f4
37.g4 Kg7 38.Qc2 Qg6 39.Qxg6+ hxg6 40.Nc7 Rf7 41.Nxa6 e4 42.Rd1 Be3 43.Rd5 Re7
44.fxe4 Rxe4 45.Kf3 Re7 46.Nb8 Bc1 47.Rd7 Kf6 48.Rxe7 Kxe7 49.Nc6+ Kd6 50.Nb4 Bd2
51.Nd3 h5 52.gxh5 gxh5 53.Nf2 Ke5 54.Nd3+ Kd4 55.Nxf4 Bxf4 56.Kxf4 Kc5  1/2-1/2

[Event "It"]
[Site "Brno CZE"]
[Date "2003.06.28"]
[Round "1"]
[White "Holemar,D"]
[Black "Polak,T"]
[Result "0-1"]
[WhiteElo "2337"]
[BlackElo "2463"]

1.d4 Nf6 2.c4 e6 3.Nf3 b6 4.g3 Ba6 5.b3 Bb7 6.Bg2 Bb4+ 7.Bd2 a5 8.a3 Be7
9.Bc3 O-O 10.Nbd2 d5 11.O-O Nbd7 12.cxd5 exd5 13.b4 axb4 14.axb4 Rxa1 15.Qxa1 Ne4
16.Nxe4 dxe4 17.Ne5 Nxe5 18.dxe5 Qd5 19.Qb2 Ra8 20.Ra1 Qc4 21.Rxa8+ Bxa8
22.h4 Bd5 23.e3 h6 24.Kh2 c6 25.Kg1 Kh7 26.Bh3 Be6 27.Bg2 Qd3 28.Bd4 b5 29.Bc3 Bc4
30.Bd4 Bd5 31.Bc3 Kg8 32.Bd4 Be6 33.Bc3 Bg4 34.Bd4 Bf3 35.Bc3 Kf8 36.Kh2 Ke8
37.Kg1 h5 38.Bf1 Qd1 39.Qd2 Qxd2 40.Bxd2 Kd7 41.Bh3+ Bg4 42.Bg2 Bf5 43.f3 exf3
44.Bxf3 Bg4 45.Be4 c5 46.bxc5 Bxc5 47.Kf2 Ba3 48.Bc3 b4 49.e6+ Kxe6 50.Bxg7 b3
51.Bd3 Kd5 52.Bc3 Bc1 53.e4+ Kc5 54.e5 Kd5 55.Ke1 Bf3 56.Ba6 Kc5 57.Bd3 Be3
58.Ba6 Be4 59.Be2 Bd4 60.Kd2 b2 61.Bxb2 Bxb2 62.Bxh5 Bd5 63.Ke3 Bxe5 64.Kf2 Bd4+
65.Kf1 Kd6 66.Ke2 Ke5 67.Kf1 Kf5 68.Ke2 f6 69.Kf1 Be4 70.Be2 Bh1 71.Bh5 Ke4
72.Ke2 Bg2 73.Bg6+ f5 74.Bh5 Bc5 75.Ke1 Bf3 76.Bg6 Bg4 77.h5 Be3 78.Be8 Kf3  0-1

[Event "6th Open Vins du Mer"]
[Site "Naujac sur Mer FRA"]
[Date "2003.06.30"]
[Round "2"]
[White "Behrhorst,F"]
[Black "Teske,H"]
[Result "0-1"]
[WhiteElo "2291"]
[BlackElo "2524"]

1.d4 Nf6 2.c4 e6 3.Nf3 b6 4.g3 Ba6 5.b3 d5 6.Nbd2 c5 7.cxd5 exd5 8.Bg2 Nc6
9.Bb2 Bd6 10.O-O O-O 11.Re1 Re8 12.a3 Rc8 13.Nf1 c4 14.bxc4 dxc4 15.N1d2 Na5
16.Rc1 Bb7 17.Nh4 Bxg2 18.Nxg2 Nd5 19.Nb1 Nb3 20.Rc2 b5 21.e4 Nb6 22.Nc3 b4
23.axb4 Bxb4 24.d5 Nc5 25.Qd4 Nd3 26.Na2 Bf8 27.Rd1 Qg5 28.Rxd3 cxd3 29.Qxd3 Rxc2
30.Qxc2 Rc8 31.Qe2 Nc4 32.Bc3 Qd8 33.Nf4 Qb6 34.e5 Nxe5 35.Bxe5 Qb1+ 36.Kg2 Rc2
37.Qf3 Qxa2 38.d6 Rd2 39.h4 f6  0-1

[Event "White Nights"]
[Site "St Petersburg RUS"]
[Date "2003.06.30"]
[Round "2"]
[White "Nechepurenko,R"]
[Black "Ibraev,N"]
[Result "0-1"]
[WhiteElo "2350"]
[BlackElo "2401"]

1.d4 Nf6 2.Nf3 e6 3.c4 b6 4.g3 Ba6 5.Nbd2 c5 6.Bg2 Bb7 7.O-O cxd4 8.Nxd4 Bxg2
9.Kxg2 Qc8 10.b3 Be7 11.N2f3 a6 12.Bb2 O-O 13.Qd3 Qb7 14.Kg1 d6 15.Rfe1 Nbd7
16.a4 Rfe8 17.Nd2 Bf8 18.e4 g6 19.Qf3 Bg7 20.Rad1 Ne5 21.Qe2 Rad8 22.Ba3 Qc7
23.N2f3 Ned7 24.Qc2 Rc8 25.Ne2 d5 26.exd5 exd5 27.Nf4 Rxe1+ 28.Rxe1 dxc4
29.Ng5 cxb3 30.Qxb3 Qc4 31.Qxc4 Rxc4 32.Re7 Bf8 33.Rxf7 Bh6 34.Re7 Bxg5 35.Ne6 Bh6
36.f4 Rxa4 37.Bb2 Re4 38.Kf2 Bf8  0-1

[Event "It"]
[Site "Brno CZE"]
[Date "2003.07.02"]
[Round "7"]
[White "Polak,T"]
[Black "Pisk,P"]
[Result "1/2-1/2"]
[WhiteElo "2463"]
[BlackElo "2335"]

1.d4 Nf6 2.c4 e6 3.Nf3 b6 4.g3 Ba6 5.Nbd2 c5 6.Bg2 Bb7 7.e4 cxd4 8.e5 Ng4
9.O-O Nc6 10.h3 Nh6 11.Ne4 Be7 12.Bf4 O-O 13.Nxd4 Nxd4 14.Qxd4 Nf5 15.Qd3 Qc8
16.Rad1 Bc6 17.Nc3 Bxg2 18.Kxg2 Rd8 19.Qe4 h6 20.h4 Qc6 21.h5 Qxe4+ 22.Nxe4 Rac8
23.b3 g5 24.hxg6 fxg6 25.Rd3 g5 26.Bd2 Kf7 27.Rd1 Kg6 28.f3 Rc7 29.Be1 h5
30.a4 h4 31.Bf2 hxg3 32.Bxg3 Nh4+ 33.Kf2 Kf5 34.Ke2 Ng6  1/2-1/2

[Event "White Nights"]
[Site "St Petersburg RUS"]
[Date "2003.07.02"]
[Round "4"]
[White "Tumanov,A1"]
[Black "Kashljak,A"]
[Result "1-0"]
[WhiteElo "2398"]
[BlackElo "2332"]

1.d4 Nf6 2.c4 e6 3.Nf3 b6 4.g3 Ba6 5.Nbd2 c5 6.e4 cxd4 7.e5 Ng4 8.h3 Nh6
9.Bg2 Nc6 10.O-O Rc8 11.Qa4 Bb7 12.Nxd4 Qc7 13.Nb5 Qb8 14.Ne4 Nf5 15.Bf4 a6
16.Nbd6+ Bxd6 17.Nxd6+ Nxd6 18.exd6 f6 19.Rad1 Na5 20.Bd5 Bxd5 21.cxd5 e5
22.Rc1 Rd8 23.Be3 Qxd6 24.Qa3 Qxa3 25.bxa3 b5 26.Bb6 Nc4 27.Bxd8 Kxd8 28.a4 Ke7
29.Rc3 Ra8 30.Rb1 Nd6 31.a5 Ra7 32.Rb4 Ra8 33.f4 Nf5 34.fxe5 fxe5 35.a4 Nd4
36.Rc7 Kd6 37.Rb7 Nc2 38.Rg4 g6 39.Rh4  1-0

[Event "White Nights"]
[Site "St Petersburg RUS"]
[Date "2003.07.02"]
[Round "4"]
[White "Nechepurenko,R"]
[Black "Bratchenko,A"]
[Result "1-0"]
[WhiteElo "2350"]
[BlackElo "2396"]

1.d4 Nf6 2.c4 e6 3.Nf3 b6 4.g3 Ba6 5.Qa4 c5 6.Bg2 Bb7 7.dxc5 bxc5 8.O-O Be7
9.Nc3 O-O 10.Rd1 Qb6 11.Bf4 d6 12.Rd2 h6 13.Rad1 Rd8 14.h3 e5 15.Be3 Nc6
16.Qb5 Qc7 17.Qb3 a6 18.Nh4 Rab8 19.Qc2 Nd4 20.Bxd4 cxd4 21.Na4 Bxg2 22.Nxg2 Rdc8
23.e3 d5 24.exd4 Ne4 25.Re2 Ng5 26.dxe5 dxc4 27.f4 Bc5+ 28.Nxc5 Qxc5+ 29.Kh1 Ne6
30.Qe4 Qa5 31.f5 Ng5 32.Qg4 Qxa2 33.h4 Nh7 34.f6 g6 35.Nf4 Qa4 36.Rf1 Qc6+
37.Kh2 Kh8 38.e6 g5 39.hxg5 hxg5 40.exf7  1-0

[Event "4th Open"]
[Site "Marseille FRA"]
[Date "2003.07.03"]
[Round "8"]
[White "Epishin,V"]
[Black "Genov,Peta"]
[Result "1-0"]
[WhiteElo "2628"]
[BlackElo "2490"]

1.d4 Nf6 2.c4 e6 3.Nf3 b6 4.g3 Ba6 5.b3 d5 6.cxd5 Nxd5 7.e4 Bxf1 8.Kxf1 Nf6
9.Bg5 Nbd7 10.Kg2 Be7 11.Nc3 h6 12.Bf4 O-O 13.e5 Nh7 14.Rc1 c6 15.Rc2 Rc8
16.h4 Re8 17.Qe2 Ndf8 18.h5 Qd7 19.Qe4 Red8 20.Rd1 f5 21.Qe2 Qe8 22.Ng1 Rd7
23.Be3 Qd8 24.Nh3 Ng5 25.Nf4 Bb4 26.f3 Nf7 27.Bf2 Qe7 28.d5 Bxc3 29.Rxc3 exd5
30.e6 Nxe6 31.Qxe6 Qxe6 32.Nxe6 c5 33.b4 Re8 34.Nf4 d4 35.Rc2  1-0

[Event "White Nights"]
[Site "St Petersburg RUS"]
[Date "2003.07.05"]
[Round "7"]
[White "Tumanov,A1"]
[Black "Smirnov,Ar"]
[Result "0-1"]
[WhiteElo "2398"]
[BlackElo "2368"]

1.d4 Nf6 2.c4 e6 3.Nf3 b6 4.g3 Ba6 5.Nbd2 c5 6.e4 cxd4 7.e5 Ng4 8.h3 Nh6
9.Bg2 Nc6 10.O-O Nf5 11.g4 Nh4 12.Nxh4 Qxh4 13.Qa4 Bb7 14.Nf3 Qd8 15.Nxd4 Qc7
16.Nxc6 Bxc6 17.Bxc6 Qxc6 18.Qxc6 dxc6 19.Be3 O-O-O 20.Rfd1 Be7 21.Kf1 h5
22.Ke2 hxg4 23.hxg4 Rh4 24.Rxd8+ Bxd8 25.Kf3 Bc7 26.Bf4 Rh3+ 27.Ke4 Bd8 28.Rd1 Kc7
29.Rd3 Rh1 30.Bg3 Re1+ 31.Re3 Rxe3+ 32.Kxe3 b5 33.Kd4 Be7 34.f3 Kb6 35.Be1 Bc5+
36.Kd3 Bg1 37.b3 a6 38.Bh4 Bc5 39.Bd8+ Kb7 40.Ke4 Ba3 41.Ba5 Bb2 42.Bd8 Bc3
43.Be7 bxc4 44.bxc4 Kb6 45.Bd6 Ka5 46.Kd3 Be1 47.Kc2 Ka4 48.Bc5 Bg3 49.Bd6 Bf2
50.a3 Bd4 51.f4 c5 52.Bc7 Kxa3 53.Ba5 Be3 54.f5 Bd4  0-1

[Event "Andorra"]
[Site "Andorra la Vella AND"]
[Date "2003.07.08"]
[Round "4"]
[White "Kuzmin,A"]
[Black "Alsina Leal,D"]
[Result "1-0"]
[WhiteElo "2583"]
[BlackElo "2221"]

1.d4 Nf6 2.c4 e6 3.Nf3 b6 4.g3 Ba6 5.Nbd2 Bb7 6.Bg2 c5 7.e4 cxd4 8.O-O d6
9.Nxd4 Qc8 10.a4 Be7 11.a5 O-O 12.b4 d5 13.cxd5 Bxb4 14.Bb2 bxa5 15.dxe6 fxe6
16.Bh3 Kh8 17.Nxe6 Na6 18.Bf5 Qc6 19.Rc1 Nc5 20.Nxc5 Bxc5 21.Ba3 Bxa3 22.Rxc6 Bxc6
23.e5 Ng8 24.Bxh7 Bb5 25.Bxg8 Bxf1 26.Bd5 Bd3 27.Qh5+  1-0